| 000 | 01619nab a2200241 i 4500 | ||
|---|---|---|---|
| 001 | 768714001 | ||
| 003 | CO-MdFUSB | ||
| 005 | 20240620162555.0 | ||
| 008 | 240620t1993 us ||||| |||| 00| 0 eng d | ||
| 040 |
_bspa _cCO-MdFUSB _dCO-MdFUSB |
||
| 041 | _aeng | ||
| 100 |
_aPierard, Richard V., _d1934- _eautor |
||
| 245 |
_aMissionaries as role models in the christian quest for justice _c/ Richard V. Pierard |
||
| 520 | _aAunque algunos no logran comprender el compromiso cristiano con la justicia, la historia de las misiones está repleta de ejemplos de creyentes que pusieron su fe en acción. Donde trabajaron, desafiaron las costumbres sociales existentes e incluso desafiaron a las autoridades coloniales europeas y los intereses de los colonos blancos. Los ejemplos citados incluyen misioneros que lucharon contra prácticas inhumanas como el sistema de castas, la quema de viudas y el vendaje de pies. Entre quienes se opusieron a las estructuras de poder injustas se encontraban John Philip en Sudáfrica, William Knibb en Jamaica, los trabajadores de la Misión Rhine en el suroeste de África y Timothy Richard en China. Los misioneros son modelos apropiados para los cristianos que buscan justicia. | ||
| 546 | _aTexto en inglés. | ||
| 650 | 7 |
_aJusticia social _xAspectos religiosos _96928 |
|
| 650 | 7 |
_aMisioneros _9931 |
|
| 650 | 0 |
_aEvangelización _9362 |
|
| 650 | 0 |
_aVida cristiana _919 |
|
| 773 | 0 |
_049486 _961126 _d Pasadena _oR0888 _tMissiology: _w(CO-MdFUSB)97 _gVolumen 21, (número 4, 1993) páginas: 469 - 482 _qpágina: 469 |
|
| 942 | _cANA | ||
| 945 | _aCatherine Arias Álvarez - Practicante SENA | ||
| 999 |
_c70334 _d70334 |
||